[Event "FICGS W-ch st1 g04 email"]
[Site "FICGS email"]
[Date "2014.11.01"]
[Round "1"]
[White "Kirali, Hasan"]
[Black "Cirovic, Zeljko"]
[Result "1-0"]
[WhiteElo "1916"]
[BlackElo "1545"]
[PlyCount "37"]
[EventDate "2014.??.??"]
[EventType "tourn (corr)"]
[EventRounds "8"]
[SourceTitle "Corr 2022"]
[Source "ChessBase"]
[SourceDate "2021.10.24"]
[SourceVersion "1"]
[SourceVersionDate "2021.10.24"]
[SourceQuality "1"]

1. d4 d5 2. c4 dxc4 3. Nf3 b5 4. a4 c6 5. e3 e6 6. axb5 cxb5 7. b3 cxb3 8. Bxb5+ Bd7 9. Qxb3 a5 10. 0-0 Bb4 11. Bxd7+ Qxd7 12. Ne5 Qb7 13. Bd2 Na6 14. Rxa5 Rb8 15. Qa4+ Kf8 16. Rxa6 Bxd2 17. Nd7+ Ke7 18. Ra7 Qxb1 19. Nxb8+ 1-0